Musiche natalizie per organo (Record n. 100033)

Dettagli MARC
000 -LEADER
fixed length control field 02151njm a2200361Ia 4500
001 - CONTROL NUMBER
control field 25555
003 - CONTROL NUMBER IDENTIFIER
control field IT-RoPAU
005 - DATE AND TIME OF LATEST TRANSACTION
control field 20220918181124.0
008 - FIXED-LENGTH DATA ELEMENTS--GENERAL INFORMATION
fixed length control field 131025s9999 xx 000 0 und d
040 ## - CATALOGING SOURCE
Original cataloging agency IT-RoPAU
040 ## - CATALOGING SOURCE
Transcribing agency IT-RoPAU
999 ## - SYSTEM CONTROL NUMBERS (KOHA)
Koha Dewey Subclass [OBSOLETE] NO
100 ## - MAIN ENTRY--PERSONAL NAME
Personal name AA.VV.
9 (RLIN) 794
100 ## - MAIN ENTRY--PERSONAL NAME
Relator term Autore musica
9 (RLIN) 11923
100 ## - MAIN ENTRY--PERSONAL NAME
Miscellaneous information Codice autore musica SPICS: 12000
9 (RLIN) 796
245 ## - TITLE STATEMENT
Title Musiche natalizie per organo
250 ## - EDITION STATEMENT
Edition statement 1a ed.
260 ## - PUBLICATION, DISTRIBUTION, ETC. (IMPRINT)
Place of publication, distribution, etc. VARESE
260 ## - PUBLICATION, DISTRIBUTION, ETC. (IMPRINT)
Name of publisher, distributor, etc. ARION - DUCALE
Date of publication, distribution, etc. 1975 [1a Ed.:1975]
300 ## - PHYSICAL DESCRIPTION
Extent DISCO
300 ## - PHYSICAL DESCRIPTION
Dimensions 39 minuti (Testo: pag.)
500 ## - GENERAL NOTE
General note Musica strumentale. Natale, Noels. Composizioni poetico-musicali ispirate al Natale
505 ## - FORMATTED CONTENTS NOTE
Formatted contents note Les bourgeoises de chatre (2:00) - Je me suis levé (2:00) - Fanne coraige, le diable a mor (2:00) - Que tu gro jan quei folie (3:00) - Divine princesse (2:00) - Votre bonté grand Dieu (6:00) - Laissez paistre vos bestes (8:00) - Chanton de voix hautaine (5:00) - Noel poitevin(2:00) - Les cloches (3:00) - Joseph est bien Marié (2:00) - Noel XII detto Noel Suisse (5:00) - Mes bonnes gens, attendez-moi (2:00)
650 ## - SUBJECT ADDED ENTRY--TOPICAL TERM
Topical term or geographic name as entry element RELIGIOSO [DISCHI]
Relator term Codice MATERIA SPICS: 9950
9 (RLIN) 791
700 ## - ADDED ENTRY--PERSONAL NAME
Personal name Le Begue Nicolas
Dates associated with a name Codice autore musica SPICS: 8106
Relator term Autore musica
Name of part/section of a work Les bourgeoises de chatre - Les cloches
9 (RLIN) 11924
700 ## - ADDED ENTRY--PERSONAL NAME
Personal name Dornel Antoine
Dates associated with a name Codice autore musica SPICS: 10197
Relator term Autore musica
Name of part/section of a work Je me suis levé
9 (RLIN) 11925
700 ## - ADDED ENTRY--PERSONAL NAME
Personal name Balbastre Claude
Dates associated with a name Codice autore musica SPICS: 15791
Relator term Autore musica
Name of part/section of a work Fanne coraige, le diable a mor - Que tu gro jan quei folie - Divine princesse - Votre bonté grand Dieu
9 (RLIN) 11926
700 ## - ADDED ENTRY--PERSONAL NAME
Personal name Dandrien Pierre
Dates associated with a name Codice autore musica SPICS: 15792
Relator term Autore musica
Name of part/section of a work Laissez paistre vos bestes - Chanton de voix hautaine - Noel poitevin
9 (RLIN) 11927
700 ## - ADDED ENTRY--PERSONAL NAME
Personal name Charpentier Marc-Antoine
Dates associated with a name Codice autore musica SPICS: 10663
Relator term Autore musica
Name of part/section of a work Joseph est bien Marié
9 (RLIN) 11928
700 ## - ADDED ENTRY--PERSONAL NAME
Personal name Daquin Louis Claude
Dates associated with a name Codice autore musica SPICS: 15793
Relator term Autore musica
Name of part/section of a work Noel XII detto Noel Suisse
9 (RLIN) 11929
700 ## - ADDED ENTRY--PERSONAL NAME
Personal name Lasceux Guillaume
Dates associated with a name Codice autore musica SPICS: 15794
Relator term Autore musica
Name of part/section of a work Mes bonnes gens, attendez-moi
9 (RLIN) 11930
942 ## - ADDED ENTRY ELEMENTS (KOHA)
Koha item type DISCHI
Source of classification or shelving scheme Dewey Decimal Classification
Dati di copia
Withdrawn status Lost status Damaged status Not for loan Home library Current library Date acquired Total Checkouts Full call number Date last seen Price effective from Koha item type Public note
    Buone Condizioni Not For Loan SPICS-MEDIATECA SPICS-MEDIATECA 25/10/2013   25555 25/10/2013 25/10/2013 DISCHI Progr. Ins.: 5429 / N.Vol.: 1 / Copie: 1 - Copia rara: NO / date import: 01.01.2014 - By Epidotti, Trombetti, Vaglietti
CREDITS: SOCIETA' SAN PAOLO Via A.Severo, 58 - ROMA (RM) & PERIODICI SAN PAOLO SRL Via Giotto, 36 MILANO & CISF Via Giotto, 36 MILANO & EDIZIONI SAN PAOLO SRL,  Piazza Soncino, 5 CINISELLO BALSAMO (MI) -- ITALY